000 00915nam a2200265Ia 4500
003 OSt
005 20220918171256.0
006 a|||||r|||| 00| 0
007 ta
008 220917b |||||||| |||| 00| 0 eng d
020 _a9781447325253 (hbk)
_cUKP 75.00
024 _a317,314
037 _bBBS/33, 23/02/2017, Better Book Services
_cTextual
040 _aARTS
_cARTS
_beng
041 _2eng
_aeng
082 _aY13:4:7.6, Q6
100 _aHoffman Jaco Ed.
_935274
245 0 _aAging in sub-saharan Africa
_b spaces and practices of care
260 _aChicago
_bPolity Press USA
_c2016
300 _axi,210p.
_ccm.
650 _aAFRICA - SOCIAL CONDITIONS; AGING - SOCIAL CONDITIONS; SOCIOLOGY
_935275
700 _a Pype Katrien Ed.
_935276
942 _hY13:4:7.6, Q6
_cTEXL
_2CC
999 _c138707
_d138707